| 000 | 01604nam a2200397 a 4500 | ||
|---|---|---|---|
| 001 | vtls003181433 | ||
| 003 | MY-SjTCS | ||
| 005 | 20200226111605.0 | ||
| 006 | m u | ||
| 007 | cr cn||||||||| | ||
| 008 | 100712r19991927enk sb 001 0 eng | ||
| 015 | _aGBA1-70714 | ||
| 016 | 7 |
_a0415210941 _2Uk |
|
| 020 |
_z0415210941 : _cNo price |
||
| 020 | _z0415211328(series : Psychoanalysis) | ||
| 020 | _z0415191327(series : The international library of psychology) | ||
| 035 | _a(CaPaEBR)ebr10017422 | ||
| 039 | 9 |
_y201007121516 _zVLOAD |
|
| 040 |
_aCaPaEBR _cCaPaEBR |
||
| 050 | 1 | 4 |
_aBF173 _b.H67 1999eb |
| 082 | 0 | 4 |
_a306.8742 _221 |
| 100 | 1 |
_aHopkins, Pryns, _db. 1885. |
|
| 245 | 1 | 0 |
_aFathers or sons? _h[electronic resource] : _ba study in social psychology / _cPrynce Hopkins. |
| 260 |
_aLondon : _bRoutledge, _c1999, c1927. |
||
| 300 |
_axv, 252 p. ; _c23 cm. |
||
| 440 | 0 |
_aPsychoanalysis ; _vv. 13 |
|
| 440 | 0 |
_aInternational library of psychology ; _vv. 176 |
|
| 500 | _aOriginally published: Kegan Paul, Trench, Trubner & Co., 1927. | ||
| 504 | _aIncludes bibliographical references and index. | ||
| 529 | _aTSLHHL | ||
| 533 |
_aElectronic reproduction. _bPalo Alto, Calif. : _cebrary, _d2005. _nAvailable via World Wide Web. _nAccess may be limited to ebrary affiliated libraries. |
||
| 650 | 0 | _aFathers and sons. | |
| 655 | 7 |
_aElectronic books. _2local |
|
| 710 | 2 |
_aebrary, Inc. _925628 |
|
| 856 | 4 | 0 |
_uhttps://ezproxy.taylors.edu.my/login?url=http://site.ebrary.com/lib/taylorscollege/Doc?id=10017422 _zAn electronic book accessible through the World Wide Web; click to view |
| 999 | _c83133 | ||